Cesta k úspechu aj úsporám

Tak ako oči v reštaurácii jedia, v obchode zase nakupujú. Ak však oči poriadne nemajú čo vidieť alebo im to obchodník nijako neuľahčí, potenciál návštevy predajne zvyčajne zostane nenaplnený. Aj preto sa v prevádzkach neoplatí šetriť na kvalitnom osvetlení. Okrem umocnenia nákupného zážitku totiž ob...

ver descrição completa

Na minha lista:
Detalhes bibliográficos
Autor principal: Kapitán, Peter
Formato: Capítulo de Livro
Idioma:eslovaco
Assuntos:
Tags: Adicionar Tag
Sem tags, seja o primeiro a adicionar uma tag!

MARC

LEADER 00000naa a2200000 4500
001 0297763
005 20240417075257.9
041 0 |a slo 
044 |a CZ 
245 1 0 |a Cesta k úspechu aj úsporám  |c Peter Kapitán 
520 |a Tak ako oči v reštaurácii jedia, v obchode zase nakupujú. Ak však oči poriadne nemajú čo vidieť alebo im to obchodník nijako neuľahčí, potenciál návštevy predajne zvyčajne zostane nenaplnený. Aj preto sa v prevádzkach neoplatí šetriť na kvalitnom osvetlení. Okrem umocnenia nákupného zážitku totiž obchodník neraz výmenou starých svietidiel za nové dokáže aj výrazne ušetriť. 
610 2 0 |a vybavenosť pracoviska 
610 2 0 |a predajne 
610 2 0 |a osvetlenie 
610 2 0 |a hygiena 
610 2 0 |a efektívnosť 
610 2 0 |a spokojnosť zákazníkov 
100 1 |a Kapitán, Peter